000 01302nam a2200337 c 4500
003 BLK
005 20180420225512.0
008 180408b bul|||||r ||||||| ||bul||
010 _aKNG00098330000
020 _a978-954-740-041-2
_bиздат.: Лит. форум
040 _aBLK
041 _aBUL
_cBUL
072 7 _2bullib
_aН8400
_xБългарска поезия Н
080 _aБългарска литература
_b821.163.2
_x-1
_z821.163.2-1
100 1 _aЖеков, Маргарит Иванов
_eпърви автор
_9263406
139 _aЖеков, Маргарит Иванов
_bЖ 32
245 1 0 _aЕстества
_bСтихотворения 1989 - 2009
_cМаргарит Иванов Жеков.
257 _aBGR
260 София
_bЛит. форум
_c2010
_fСофия : Симолини
300 _a67 с.
_c20 см
380 _aX
490 1 _aБиблиотека Българска сбирка
500 _aОфс. изд. - Съдържа и Животописна справка.
653 _aстихотворения
659 _aН
852 _aЦб 250030
856 4 _qpdf
_u
856 4 _qpdf
_u
942 _cKNG
_n0
944 _aCR
_c24.11.2010
_lф /
_kЛюдмила_Стоянова
944 _aED
_c06.12.2017
_lф /
_kЛюдмила_Стоянова
999 _c93530
_d93530